Australian Prime Minister First Names - Statistics

General Stats
  • This quiz has been taken 58 times
    12 since last reset
  • The average score is 27 of 31
Answer Stats
Answer % Correct
John I
100%
John II
100%
John III
100%
John IV
100%
John VI
100%
John V (Malcom)
100%
Anthony I
91%
Anthony II
91%
Edmund
91%
Joseph III (Ben)
91%
Julia
91%
Kevin
91%
Malcolm
91%
Paul
91%
Robert I
91%
Robert II (Bob)
91%
Scott
91%
William I
91%
William II
91%
Andrew
82%
Edward
82%
Harold
82%
Joseph I
82%
Joseph II
82%
Alfred
73%
Francis (Frank)
73%
George
73%
Stanley
73%
Arthur
64%
Earle
55%
James
55%
No matching quizzes found
Score Distribution
Percent of People with Each Score
Percentile by Number Answered
Your Score History
You have not taken this quiz since the last reset